000 00613nam a2200181 a 4500
008 120416s1995 ||||||||||||||||| || u
020 _a0412608103
050 _aHG 4026 Sam
100 _aBrayshaw, R. E
245 1 0 _aManagement of company finance
250 _a6th ed.
260 _aLondon
_bChapman and Hall
_c1995
300 _axvi, 1040p. : ill.
350 _a0.00
650 0 _aFINANCE--DEVELOPING COUNTRIES
700 _aSamuels, John Malcolm
995 _D0.00
_FCBU-MAIN LIBRARY (Kitwe)
_H1
_I46.90
_M1
_UAVAILABLE
_ZMain Library Open Access Collection
999 _c49959
_d49959